00463nam a22001457a 450000500170000000800410001702000150005804100120007308200160008510000250010124500530012626000760017930000360025565000260029120231107105738.0231107b |||||||| |||| 00| 0 eng d a0869940031 aEnglish a346.43 SHR  aShrand, D lEnglish  aShrand on The Sectional Titles Act / cD Shrand  aCape Town : bLegal and Financial Publishing Company (Pty) Ltd, c1972  bxiii, 204 pages ; c346.43 SHR  aLegal practice bLaw